Skład Realu Madryt w sezonie 2024/25 - Statystyki

Ogólne statystyki
  • Ten quiz został rozwiązany 3 210 razy
  • Średni wynik to 18 z 23
Statystyki odpowiedzi
Zawodnik Wiek Pozycja Narodowość Wartość % Poprawnych
Vinicius Junior 24 Lewy napastnik Brazylia 180,00 mln €
93%
Andriy Lunin 25 Bramkarz Ukraina 25,00 mln €
92%
Kylian Mbappé 25 Środkowy napastnik Francja 180,00 mln €
92%
Antonio Rüdiger 31 Środkowy obrońca Niemcy 25,00 mln €
90%
David Alaba  32 Środkowy obrońca Austria 20,00 mln €
89%
Rodrygo 23 Prawy napastnik Brazylia 110,00 mln €
88%
Luka Modric  38 Środkowy pomocnik Chorwacja 6,00 mln €
87%
Arda Güler 19 Prawy napastnik Turcja 45,00 mln €
86%
Éder Militão 26 Środkowy obrońca Brazylia 60,00 mln €
85%
Federico Valverde 26 Środkowy pomocnik Urugwaj 120,00 mln €
85%
Jude Bellingham 21 Ofensywny pomocnik Anglia 180,00 mln €
85%
Ferland Mendy 29 Lewy obrońca Francja 22,00 mln €
82%
Thibaut Courtois 32 Bramkarz Belgia 28,00 mln €
82%
Eduardo Camavinga  21 Środkowy pomocnik Francja 100,00 mln €
81%
Daniel Carvajal 32 Prawy obrońca Hiszpania 12,00 mln €
78%
Endrick 18 Środkowy napastnik Brazylia 60,00 mln €
78%
Brahim Díaz 25 Ofensywny pomocnik Maroko 40,00 mln €
71%
Aurélien Tchouaméni 24 Defensywny pomocnik Francja 100,00 mln €
66%
Fran García 25 Lewy obrońca Hiszpania 15,00 mln €
62%
Lucas Vázquez 33 Prawy obrońca Hiszpania 4,00 mln €
59%
Dani Ceballos 28 Środkowy pomocnik Hiszpania 6,00 mln €
52%
Nico Paz 19 Ofensywny pomocnik Argentyna 10,00 mln €
40%
Jesús Vallejo 27 Środkowy obrońca Hiszpania 1,00 mln €
36%
Nie znaleziono quizów pasujących do podanych kryteriów
Rozkład punktacji
Procent ludzi z każdym wynikiem
Percentyl według liczby udzielonych odpowiedzi
Twoja historia wyników
Nie rozwiązałeś tego quizu